Breaking all the rules (Record no. 72421)
[ view plain ]
| 000 -LEADER | |
|---|---|
| fixed length control field | 01419cam a2200241 4500 |
| 001 - CONTROL NUMBER | |
| control field | ABS66535 |
| 008 - FIXED-LENGTH DATA ELEMENTS--GENERAL INFORMATION | |
| fixed length control field | 030402n2003 000 0 eng u |
| 035 ## - SYSTEM CONTROL NUMBER | |
| System control number | (Sirsi) u121866 |
| 100 ## - MAIN ENTRY--PERSONAL NAME | |
| Personal name | Vivian, J. |
| 245 ## - TITLE STATEMENT | |
| Title | Breaking all the rules |
| 260 ## - PUBLICATION, DISTRIBUTION, ETC. | |
| Date of publication, distribution, etc. | 2003 |
| 490 ## - SERIES STATEMENT | |
| Series statement | Property Week |
| Volume/sequential designation | 68(7) 21 February 2003, 32-33(2) |
| 520 ## - SUMMARY, ETC. | |
| Summary, etc. | Raises a number of important issues concerning the application of break clauses in leases. Advises landlords to ensure that all conditions in a lease have been complied with, "Commercial Union Life Assurance Co v Label Ink" (ChD unreported) provides guidance on what is 'material' for the purpose of break clauses and emphasises the importance of responding promptly to the serving of notices. Reminds tenants of the importance of the timing of notices, explains when a break clause is not a break and looks at vacant possession. Concludes with a discussion of "Go West Ltd v Spigarolo and another" (CA Abs66452) concerning the unreasonable refusal of consent for the assignment of a lease by a landlord. |
| 590 ## - LOCAL NOTE (RLIN) | |
| Local note | ABS |
| 650 ## - SUBJECT ADDED ENTRY--TOPICAL TERM | |
| Topical term or geographic name entry element | BREAK CLAUSES |
| 650 ## - SUBJECT ADDED ENTRY--TOPICAL TERM | |
| Topical term or geographic name entry element | SERVING NOTICES |
| 650 ## - SUBJECT ADDED ENTRY--TOPICAL TERM | |
| Topical term or geographic name entry element | CODE FOR LEASING BUSINESS PREMISES IN ENGLAND AND WALES |
| 650 ## - SUBJECT ADDED ENTRY--TOPICAL TERM | |
| Topical term or geographic name entry element | GO WEST LTD V SPIGAROLO AND ANOTHER |
| 650 ## - SUBJECT ADDED ENTRY--TOPICAL TERM | |
| Topical term or geographic name entry element | COMMERCIAL UNION LIFE ASSURANCE CO LTD V LABEL INK LTD |
| 650 ## - SUBJECT ADDED ENTRY--TOPICAL TERM | |
| Topical term or geographic name entry element | COMMERCIAL LEASES |
| 690 ## - LOCAL SUBJECT ADDED ENTRY--TOPICAL TERM (OCLC, RLIN) | |
| Topical term or geographic name as entry element | LANDLORD AND TENANT-BUSINESS TENANCIES |
| 942 ## - ADDED ENTRY ELEMENTS (KOHA) | |
| Suppress in OPAC | 0 |
| Withdrawn status | Lost status | Source of classification or shelving scheme | Damaged status | Not for loan | Home library | Current library | Shelving location | Date acquired | Total Checkouts | Full call number | Barcode | Date last seen | Copy number | Price effective from | Koha item type |
|---|---|---|---|---|---|---|---|---|---|---|---|---|---|---|---|
| Dewey Decimal Classification | London | London | Journal article | 02/04/2003 | ABS66535 | 121866-1001 | 06/08/2019 | 1 | 06/08/2019 | Journal article |